Developing critical reading skills

Uloženo v:
Podrobná bibliografie
Hlavní autor:  Milan Spears, Deanne
Médium: Sách
Jazyk:Undetermined
Vydáno:  McGraw-Hill  2006
Témata:
Tagy: Přidat tag
Žádné tagy, Buďte první, kdo otaguje tento záznam!
Thư viện lưu trữ: Trung tâm Thư viện - Trường Đại học Công nghiệp TP. Hồ Chí Minh
LEADER 00475nam a2200157Ia 4500
001 UIH_05459
008 231011s9999 xx 000 0 und d
082 |a  428 
100 |a  Milan Spears, Deanne 
245 0 |a  Developing critical reading skills 
245 0 |c  Milan Spears, Deanne 
260 |b  McGraw-Hill 
260 |c  2006 
650 |a  Tiếng An;  
927 |a Sách 
980 |a Trung tâm Thư viện - Trường Đại học Công nghiệp TP. Hồ Chí Minh